[Event "Rheinland Pfalz op 10th"]
[Site "Nickenich"]
[Date "2018.06.01"]
[Round "3"]
[White "Koellner, Aaron Noah"]
[Black "Von Haefen, Dieter"]
[Result "1-0"]
[WhiteElo "2007"]
[BlackElo "1687"]
[PlyCount "57"]
[EventDate "2018.05.31"]
[EventType "swiss"]
[EventRounds "7"]
[EventCountry "GER"]
[SourceTitle "EXT 2019"]
[Source "ChessBase"]
[SourceDate "2018.10.10"]
[SourceVersion "1"]
[SourceVersionDate "2018.10.10"]
[SourceQuality "1"]

1. d4 Nf6 2. Nf3 c5 3. e3 e6 4. Nbd2 b6 5. c3 Bb7 6. Bd3 Be7 7. e4 d6 8. 0-0 0-0 9. Qe2 Re8 10. Rd1 Nbd7 11. e5 dxe5 12. dxe5 Nd5 13. Ne4 Qc7 14. Neg5 f5 15. exf6 Bxf6 16. Bxh7+ Kh8 17. Bg6 Re7 18. Nd4 Bxg5 19. Bxg5 Nf4 20. Bxf4 Qxf4 21. Qh5+ Qh6 22. Nb5 Nf6 23. Qxh6+ gxh6 24. Nd6 Bxg2 25. Rd3 Bd5 26. c4 Bc6 27. Rad1 Be8 28. Nxe8 Nxe8 29. Rd8 1-0